[Event "Shenzhen op 1st"]
[Site "Shenzhen"]
[Date "2018.07.28"]
[Round "6"]
[White "Yu, Bo"]
[Black "Zhang, Di"]
[Result "0-1"]
[WhiteElo "1716"]
[BlackElo "1962"]
[PlyCount "100"]
[EventDate "2018.07.26"]
[EventType "swiss"]
[EventRounds "9"]
[EventCountry "CHN"]
[SourceTitle "CBM 185 Extra"]
[Source "ChessBase"]
[SourceDate "2018.07.29"]
[SourceVersion "1"]
[SourceVersionDate "2018.07.29"]
[SourceQuality "1"]

1. e4 c5 2. c3 Nf6 3. e5 Nd5 4. Nf3 Nc6 5. Bc4 e6 6. d4 Nb6 7. Bb3 cxd4 8. cxd4 d6 9. Bg5 Be7 10. Bxe7 Qxe7 11. 0-0 0-0 12. Nc3 Rd8 13. Qe2 Bd7 14. Bc2 Nb4 15. Bb1 dxe5 16. dxe5 Bc6 17. a3 N4d5 18. Qc2 g6 19. Ne4 Nf4 20. Nf6+ Kg7 21. Re1 Bxf3 22. gxf3 Nd3 23. Re4 Nxe5 24. Nh5+ gxh5 25. Rxe5 Qf6 26. Qxh7+ Kf8 27. Qxh5 Ke7 28. Bh7 Rh8 29. Re4 Qg7+ 30. Kf1 Rac8 31. Rh4 Nd5 32. Rd1 Rc5 33. Ke1 Qg1+ 34. Ke2 Nf4+ 35. Rxf4 Qxd1+ 36. Kxd1 Rxh5 37. Be4 e5 38. Rg4 f5 39. Rg7+ Kf6 40. Rxb7 fxe4 41. fxe4 Rxh2 42. Ke2 Rc8 43. Rxa7 Rc2+ 44. Kd3 Rxb2 45. Ra6+ Kg5 46. Re6 Rh3+ 47. Kc4 Kf4 48. Kd5 Rd3+ 49. Kc4 Rd4+ 50. Kc3 Rxf2 0-1

[Event "Shenzhen op 1st"]
[Site "Shenzhen"]
[Date "2018.07.27"]
[Round "3"]
[White "Peng, Hongchi"]
[Black "Yu, Bo"]
[Result "1-0"]
[WhiteElo "2256"]
[BlackElo "1716"]
[PlyCount "48"]
[EventDate "2018.07.26"]
[EventType "swiss"]
[EventRounds "9"]
[EventCountry "CHN"]
[SourceTitle "CBM 185 Extra"]
[Source "ChessBase"]
[SourceDate "2018.07.29"]
[SourceVersion "1"]
[SourceVersionDate "2018.07.29"]
[SourceQuality "1"]

1. e4 e5 2. Nf3 d6 3. Bc4 Be6 4. Bxe6 fxe6 5. d4 exd4 6. Nxd4 Qd7 7. 0-0 Nf6 8. Nc3 Nc6 9. Nxc6 Qxc6 10. Qe2 e5 11. Bg5 Be7 12. Rad1 0-0-0 13. Bxf6 gxf6 14. Nd5 Qd7 15. Rd3 Kb8 16. Qh5 Rdf8 17. Ne3 Qa4 18. Qf5 Qxa2 19. Rb3 Qa4 20. Qe6 Re8 21. Nf5 Bd8 22. Qd5 Qa6 23. Ra3 Qb6 24. Rfa1 Qc6 1-0